000 01272naa a22002777a 4500
001 BR8203322
003 BR-BrBNA
005 20250721143201.0
007 ta
008 250630b bl.|||m| |||| 00| 0 por d
040 _aBR-BrBNA
_bpor
_cBiblioteca Nacional de Agricultura
041 _a(Pt)
072 _aK20
_b3000
090 _aK20 BR8203322
100 1 _aHosokawa, R.T.
111 1 _a5. Seminario sobre Atualidades e Perspectivas Florestais
_cCuritiba, PR (Brazil)
_d10 Nov 1981
245 1 _aFuncoes de forma e o planejamento da producao florestal [arvore florestal]
500 _aAnais do 5. Seminario sobre Atualidades e Perspectivas Florestais: o uso de funcoes de forma de tronco em estudo de volumetria de especies florestais Curitiba, PR (Brasil): 1982. p. 97 (BR8203322-AMS)
773 0 _tAnais do 5. Seminario sobre Atualidades e Perspectivas Florestais: o uso de funcoes de forma de tronco em estudo de volumetria de especies florestais
_wK20 BR8203322
_gCuritiba, PR (Brasil), 1982. p. 97
650 _aARVORE FLORESTAL
650 _aPLANEJAMENTO FLORESTAL
650 _aDENDROMETRIA
490 _aDocumentos - Unidade Regional de Pesquisa Florestal Centro-Sul (Brazil)
_vno. 9
942 _cAMS
_2AGRIS
909 _a202506
_bLúcia
_c55
_dLúcia Elande
999 _c334177
_d334177